| 000 | 00623nam a2200229 a 4500 | ||
|---|---|---|---|
| 001 | 74381 | ||
| 003 | BD-RjUL | ||
| 005 | 20211209082538.0 | ||
| 008 | 180812s2012 ii ||||| bi|| 001 0 eng d | ||
| 020 |
_a9789350300480 _c:Tk 3927.00 |
||
| 035 | _a(BD-RjUL)74599 | ||
| 040 |
_aBD-RjUL _beng _cBD-RjUL |
||
| 041 | _aeng | ||
| 082 |
_223 _a630.3 _bSIE 2012 |
||
| 100 | 1 |
_aSing, P _9222245 |
|
| 245 | 1 | 0 |
_aEncylopaedia of Agronomy / _cP. Sing, |
| 260 |
_aJaipur ; New Delhi : _bOxford , _c2012 |
||
| 300 |
_aV , 304 p. ; _c24 cm |
||
| 504 | _aIncludes bibliography and Index | ||
| 650 |
_aAgronomy _9222246 |
||
| 942 |
_2ddc _cBK |
||
| 999 |
_c74381 _d74381 |
||